[Event "2.BLN 1617 Glückauf Rüdersd - Rotatio"]
[Site "?"]
[Date "2016.11.20"]
[Round "2.4"]
[White "Steczek, Marcin"]
[Black "Neumeier, Lars"]
[Result "1-0"]
[WhiteElo "2379"]
[BlackElo "2354"]
[PlyCount "59"]
[EventDate "2016.??.??"]

1. c4 Nf6 2. Nc3 g6 3. Nf3 Bg7 4. g3 d6 5. Bg2 O-O 6. O-O e6 7. d3 Nbd7 8. Bd2
e5 9. Rc1 Nh5 10. b4 f5 11. b5 c5 12. Bg5 Ndf6 13. Qd2 f4 14. e3 h6 15. Bxf6
Bxf6 16. d4 exd4 17. exd4 Bf5 18. Nd5 Be4 19. dxc5 dxc5 20. Rce1 Bxd5 21. cxd5
Qd7 22. d6 Qf5 23. Ne5 Rae8 24. g4 Qg5 25. h4 Qxh4 26. Qd5+ Kh7 27. gxh5 Rxe5
28. Rxe5 f3 29. Qxb7+ Kh8 30. Qxf3 1-0

[Event "2.BLN 1617 Glückauf Rüdersd - Rotatio"]
[Site "?"]
[Date "2016.11.20"]
[Round "2.5"]
[White "Seils, Joerg"]
[Black "Dudzinski, Piotr"]
[Result "1/2-1/2"]
[WhiteElo "2321"]
[BlackElo "2353"]
[PlyCount "146"]
[EventDate "2016.??.??"]

1. e4 e6 2. d4 d5 3. Nc3 dxe4 4. Nxe4 Bd7 5. Nf3 Bc6 6. Bd3 Nd7 7. O-O Ngf6 8.
Qe2 Be7 9. c3 O-O 10. Nxf6+ Bxf6 11. Bf4 Re8 12. Rad1 Bxf3 13. Qxf3 c6 14. b4
Nb6 15. b5 Nd5 16. bxc6 bxc6 17. Bd2 Rb8 18. c4 Ne7 19. Bf4 Rb2 20. Bb1 Qb6 21.
Bd6 h6 22. Ba3 Bxd4 23. Bxb2 Bxb2 24. Qd3 g6 25. Qd7 Kf8 26. Rd3 Bf6 27. Qd6
Kg7 28. Qd7 Rf8 29. Rb3 Qc5 30. Rb7 Qxc4 31. Rxa7 c5 32. Bd3 Qd5 33. Qb5 Nc6
34. Rc7 Nd4 35. Qc4 Rd8 36. Qxd5 Rxd5 37. Bc4 Re5 38. a4 g5 39. Rc8 Ne2+ 40.
Bxe2 Rxe2 41. Rxc5 Bd4 42. Rc4 e5 43. h3 Ra2 44. g4 h5 45. Kg2 h4 46. Kf3 Ra3+
47. Kg2 Ra2 48. Kf3 Ra3+ 49. Ke4 Rxh3 50. f3 Rh2 51. Kf5 h3 52. Kxg5 Rf2 53.
Rh1 Rxf3 54. Kh5 Kf6 55. a5 Rg3 56. Rc6+ Kg7 57. a6 e4 58. Rc4 Bf6 59. g5 Rxg5+
60. Kh4 Ra5+ 61. Kxh3 Rh5+ 62. Kg2 Ra5 63. Rc6 Bg5 64. Rb1 e3 65. Rb2 Ra4 66.
Kf3 Rf4+ 67. Kg3 Ra4 68. Rbc2 f6 69. Kf3 Kg6 70. Ke2 Ra3 71. R2c3 Ra2+ 72. Rc2
Ra3 73. R2c3 Ra2+ 1/2-1/2

[Event "2.BLN 1617 Glückauf Rüdersd - Rotatio"]
[Site "?"]
[Date "2016.11.20"]
[Round "2.6"]
[White "Wlodarczyk, Oskar"]
[Black "Steinhagen, Bernd"]
[Result "1/2-1/2"]
[WhiteElo "2282"]
[BlackElo "2273"]
[PlyCount "172"]
[EventDate "2016.??.??"]

1. e4 c5 2. c3 d5 3. exd5 Qxd5 4. d4 Nf6 5. Nf3 Bg4 6. Be2 e6 7. O-O Nc6 8. h3
Bh5 9. Be3 cxd4 10. cxd4 Be7 11. g4 Bg6 12. Nc3 Qd6 13. Ne5 O-O 14. Bf4 Qd8 15.
Bf3 Nxd4 16. Nxg6 Nxf3+ 17. Qxf3 fxg6 18. Qxb7 Bc5 19. Rad1 Qa5 20. Bg3 Rae8
21. Rd2 Bb6 22. Re1 h5 23. Re5 Qb4 24. Qc6 hxg4 25. a3 Qe7 26. hxg4 Nxg4 27.
Rd7 Qf6 28. Ne4 Qf3 29. Qb7 Rf7 30. Rxf7 Qxf7 31. Qxf7+ Kxf7 32. Nd6+ Ke7 33.
Rg5 Nxf2 34. Kg2 Rd8 35. Nc4 Ne4 36. Rxg6 Kf7 37. Ne5+ Kg8 38. Bf4 Nf6 39. Bh6
Ne8 40. Bf4 Nf6 41. Bh6 Ne8 42. Bf4 Rc8 43. Rxe6 Rc2+ 44. Kf3 Nc7 45. Rd6 Rxb2
46. Nc4 Rb3+ 47. Ke4 Ne8 48. Rc6 Nf6+ 49. Kf5 Kh7 50. Be5 Rf3+ 51. Ke6 Bf2 52.
Rc7 Kg6 53. Bd6 Rb3 54. Bf8 Nh5 55. Bd6 Bd4 56. Be5 Bf2 57. a4 Rb1 58. a5 Re1
59. Kd5 Nf6+ 60. Kc6 Rc1 61. Kb5 Rb1+ 62. Ka6 Kh6 63. Rc6 Kh7 64. Bxf6 gxf6 65.
Rxf6 Bg1 66. Rc6 Kg7 67. Nd6 Ra1 68. Nc8 Be3 69. Rc7+ Kf6 70. Rd7 Bf2 71. Nxa7
Be1 72. Nc6 Ke6 73. Rd3 Rb1 74. Nd4+ Kf6 75. Nb3 Ke5 76. Kb5 Bxa5 77. Kxa5 Rb2
78. Kb4 Rc2 79. Nd2 Rc8 80. Nc4+ Kf4 81. Kc3 Rc7 82. Rd4+ Kf5 83. Kd3 Rh7 84.
Ne3+ Ke5 85. Kc4 Rh3 86. Rd5+ Ke4 {(Rest unklar)} 1/2-1/2

[Event "2.BLN 1617 Glückauf Rüdersd - Rotatio"]
[Site "?"]
[Date "2016.11.20"]
[Round "2.8"]
[White "Mueller, Michael"]
[Black "Srczynski, Maciel"]
[Result "1/2-1/2"]
[WhiteElo "2262"]
[BlackElo "2270"]
[PlyCount "32"]
[EventDate "2016.??.??"]

1. d4 d5 2. c4 c6 3. Nf3 Nf6 4. e3 Bf5 5. Nc3 e6 6. Bd3 Bxd3 7. Qxd3 Nbd7 8.
O-O Be7 9. e4 dxe4 10. Nxe4 O-O 11. Ng3 c5 12. Be3 Qc7 13. Rfd1 Rfd8 14. Qe2
Kf8 15. Rac1 Rac8 16. dxc5 Bxc5 {(=)} 1/2-1/2

[Event "2.BLN 1617 Glückauf Rüdersd - Rotatio"]
[Site "?"]
[Date "2016.11.20"]
[Round "2.8"]
[White "Szyszylo, Rafal"]
[Black "Guth, Thomas"]
[Result "0-1"]
[WhiteElo "2224"]
[BlackElo "2295"]
[PlyCount "76"]
[EventDate "2016.??.??"]

1. e4 e6 2. d4 d5 3. e5 c5 4. c3 Nc6 5. Nf3 Qb6 6. a3 c4 7. Nbd2 Na5 8. g3 Bd7
9. Bg2 Ne7 10. O-O h5 11. Ng5 Nf5 12. Bh3 g6 13. Bxf5 gxf5 14. h4 Be7 15. Ndf3
Nb3 16. Rb1 Nxc1 17. Qxc1 Ba4 18. Qd2 Bf8 19. Qe2 Qc7 20. Ne1 O-O-O 21. Ng2 Qe7
22. Nf4 Bh6 23. Ngh3 Rhg8 24. Kh2 Rg4 25. f3 Rxg3 26. Kxg3 Rg8+ 27. Ng5 Bxg5
28. hxg5 Qxg5+ 29. Kf2 Qxf4 30. Ke1 h4 31. Qd2 Qg3+ 32. Qf2 f4 33. Ke2 Qg6 34.
Rbc1 Qd3+ 35. Ke1 h3 36. Qe2 Rg2 37. Qxd3 cxd3 38. Rf2 Rxf2 0-1

[Event "2.BLN 1617 SK Norderstedt - SF Berlin"]
[Site "?"]
[Date "2016.11.20"]
[Round "2.1"]
[White "Agopov, Mikael"]
[Black "Olszewski, Michal"]
[Result "0-1"]
[WhiteElo "2431"]
[BlackElo "2547"]
[PlyCount "62"]
[EventDate "2016.??.??"]

1. e4 e5 2. Nf3 Nc6 3. Bb5 a6 4. Ba4 Nf6 5. O-O Be7 6. Re1 b5 7. Bb3 d6 8. c3
O-O 9. h3 Nb8 10. d4 Nbd7 11. Nbd2 Bb7 12. Bc2 c5 13. d5 c4 14. b3 cxb3 15.
axb3 Qc7 16. Bb2 g6 17. Nf1 Nh5 18. Ne3 Nb6 19. Qd2 Nf4 20. Kh2 f5 21. exf5
Nbxd5 22. c4 Nf6 23. Ng5 Ng4+ 24. hxg4 Bxg5 25. f3 Qg7 26. Kg1 gxf5 27. Bxf5
Qh6 28. Qc3 Bxf3 29. gxf3 Qh3 30. Be4 Qg3+ 31. Kf1 Qh2 0-1

[Event "2.BLN 1617 SK Norderstedt - SF Berlin"]
[Site "?"]
[Date "2016.11.20"]
[Round "2.2"]
[White "Ostrovskiy, Andrey"]
[Black "Polzin, Rainer"]
[Result "1/2-1/2"]
[WhiteElo "2438"]
[BlackElo "2413"]
[PlyCount "69"]
[EventDate "2016.??.??"]

1. e4 c5 2. Nf3 d6 3. d4 cxd4 4. Nxd4 Nf6 5. Nc3 g6 6. Be2 Bg7 7. O-O O-O 8.
Re1 Nc6 9. Nb3 a6 10. Bf1 Bg4 11. f3 Be6 12. Bg5 Ne5 13. Nd5 Bxd5 14. exd5 Rc8
15. c3 Nc4 16. Bxc4 Rxc4 17. Qd3 Ra4 18. Kh1 Re8 19. Nd2 Qa5 20. Bxf6 Bxf6 21.
Nc4 Qc5 22. b3 Rxc4 23. bxc4 Rc8 24. Re4 Qa3 25. Qe2 Qxc3 26. Rb1 Rc7 27. f4
Kg7 28. a4 Rc5 29. g3 Ra5 30. Re3 Qd4 31. Re4 Qc3 32. Re3 Qd4 33. Re4 Qc3 34.
Re3 Qd4 35. Re4 1/2-1/2

[Event "2.BLN 1617 SK Norderstedt - SF Berlin"]
[Site "?"]
[Date "2016.11.20"]
[Round "2.3"]
[White "Ahmadinia, Ebrahim"]
[Black "Kopylov, Michael"]
[Result "0-1"]
[WhiteElo "2383"]
[BlackElo "2427"]
[PlyCount "130"]
[EventDate "2016.??.??"]

1. e4 e6 2. Nf3 d5 3. Nc3 Nf6 4. e5 Nfd7 5. d4 c5 6. dxc5 Nc6 7. Bf4 Nxc5 8.
Qd2 a6 9. O-O-O b5 10. Qe3 b4 11. Ne2 a5 12. Ned4 Nxd4 13. Nxd4 Ba6 14. Bxa6
Rxa6 15. h4 Qb6 16. Rh3 a4 17. f3 h5 18. Kb1 g6 19. Rhh1 Nd7 20. Rhe1 Ra8 21.
Qe2 Bc5 22. Be3 Qa6 23. Qf2 Rc8 24. b3 Be7 25. Bc1 Ra8 26. g3 O-O 27. Qe2 Rfc8
28. Qxa6 Rxa6 29. Bb2 Bf8 30. Re2 Bg7 31. Rde1 Ra5 32. Re3 Rac5 33. R1e2 a3 34.
Ba1 Kf8 35. Kc1 Bh6 36. f4 Ra5 37. Kd1 Ke8 38. c3 Bf8 39. Rc2 Raa8 40. Ke2 Bc5
41. Rd3 Bxd4 42. Rxd4 bxc3 43. Rxc3 Nc5 44. Kf3 Ne4 45. Rxc8+ Rxc8 46. Ra4 Rc1
47. Bd4 Rf1+ 48. Kg2 Rd1 49. Be3 Rd3 50. Kf3 Nc3 51. Ra8+ Kd7 52. Kf2 d4 53.
Bc1 Ne4+ 54. Ke2 Rxg3 55. Ra4 Nc3+ 56. Kf2 Nxa4 57. Kxg3 Nc3 58. Kf3 Kc6 59.
Bxa3 Kd5 60. Bc1 Nxa2 61. Bd2 Nc3 62. Bxc3 dxc3 63. Ke3 c2 64. Kd2 Ke4 65. b4
Kxf4 0-1

[Event "2.BLN 1617 SK Norderstedt - SF Berlin"]
[Site "?"]
[Date "2016.11.20"]
[Round "2.6"]
[White "Michna, Christian"]
[Black "Priebe, Jan"]
[Result "0-1"]
[WhiteElo "2270"]
[BlackElo "2237"]
[PlyCount "86"]
[EventDate "2016.??.??"]

1. d4 Nf6 2. Nc3 d6 3. e4 c6 4. Bg5 h6 5. Bh4 Qa5 6. Qd2 Nbd7 7. Nf3 e5 8. Be2
Be7 9. O-O Nf8 10. Rad1 Qc7 11. dxe5 dxe5 12. Bg3 Ng6 13. Nh4 Nxh4 14. Bxh4 O-O
15. Bg3 b5 16. Bf3 Be6 17. Ne2 Rfd8 18. Qc3 Nd7 19. b3 f6 20. Qb2 Qa5 21. c3
Nc5 22. Nc1 Qb6 23. Qe2 a5 24. Rxd8+ Rxd8 25. Rd1 b4 26. cxb4 Rxd1+ 27. Qxd1
Qxb4 28. h3 Nxe4 29. Nd3 Qd4 30. Bxe4 Qxe4 31. f3 Qd5 32. Be1 Bd8 33. Qe2 a4
34. bxa4 Qd4+ 35. Bf2 Qxa4 36. Nc1 Be7 37. Be3 c5 38. Qb2 c4 39. Bd2 Qd1+ 40.
Kh2 Bd6 41. Qc3 g5 42. Qa5 Kg7 43. Qa7+ Bf7 0-1

[Event "2.BLN 1617 SK Norderstedt - SF Berlin"]
[Site "?"]
[Date "2016.11.20"]
[Round "2.7"]
[White "Hoffmann, Udo"]
[Black "Zierke, Oliver"]
[Result "1/2-1/2"]
[WhiteElo "2242"]
[BlackElo "2233"]
[PlyCount "125"]
[EventDate "2016.??.??"]

1. e4 c5 2. Nf3 d6 3. c3 Nf6 4. Bd3 g6 5. O-O Bg7 6. Re1 O-O 7. Bc2 b6 8. d4
Bb7 9. d5 Na6 10. c4 Nc7 11. Nc3 e6 12. Bg5 h6 13. Bh4 e5 14. Nd2 a6 15. a4 Qd7
16. Qe2 Nh5 17. Rab1 a5 18. Nf1 Na6 19. Rbd1 Nb4 20. Bb1 f5 21. exf5 Nf4 22.
Qd2 gxf5 23. Bg3 Nh5 24. f4 Nxg3 25. Nxg3 e4 26. Nf1 Rae8 27. Kh1 Re7 28. Ne3
Bc8 29. b3 Kh8 30. Ne2 Ree8 31. Rg1 Qe7 32. Rge1 Qh4 33. Rf1 Rg8 34. g3 Qh5 35.
Nc3 Bf6 36. Ne2 Re7 37. Rf2 Nd3 38. Rg2 Rge8 39. Rdg1 Rg8 40. Bc2 Nb4 41. Bd1
Qe8 42. Nc3 Reg7 43. Nb5 Qe7 44. Be2 Kh7 45. h3 Rg6 46. Bh5 R6g7 47. g4 fxg4
48. Bxg4 Bd7 49. Qe2 Nd3 50. Nf5 Bxf5 51. Bxf5+ Kh8 52. Qh5 Nf2+ 53. Kh2 Rxg2+
54. Rxg2 Rxg2+ 55. Kxg2 Qg7+ 56. Kxf2 Bd4+ 57. Nxd4 Qxd4+ 58. Kf1 Qa1+ 59. Ke2
Qb2+ 60. Kf1 Qa1+ 61. Kf2 Qd4+ 62. Ke1 Qc3+ 63. Kf1 1/2-1/2

[Event "2.BLN 1617 SK Norderstedt - SF Berlin"]
[Site "?"]
[Date "2016.11.20"]
[Round "2.8"]
[White "Kahlert, Thomas"]
[Black "Brettschneider, Stefan"]
[Result "1/2-1/2"]
[WhiteElo "2233"]
[BlackElo "2272"]
[PlyCount "39"]
[EventDate "2016.??.??"]

1. Nf3 g6 2. d4 Bg7 3. g3 d6 4. Bg2 f5 5. O-O Nf6 6. c4 O-O 7. Nc3 c6 8. d5 e5
9. dxe6 Bxe6 10. b3 Na6 11. Bb2 Qe7 12. Nd4 Bf7 13. Qd2 Rad8 14. Rad1 d5 15.
cxd5 Nxd5 16. Qc1 Rfe8 17. e3 Nab4 18. Nxd5 Bxd5 19. Bxd5+ Nxd5 20. Nf3 1/2-1/2

[Event "2.BLN 1617 Turm Kiel - Preetzer TSV"]
[Site "?"]
[Date "2016.11.20"]
[Round "2.1"]
[White "Pedersen, Steffen"]
[Black "Pakleza, Zbigniew"]
[Result "1/2-1/2"]
[WhiteElo "2375"]
[BlackElo "2489"]
[PlyCount "30"]
[EventDate "2016.??.??"]

1. d4 d6 2. Nf3 Nf6 3. c4 Nbd7 4. Nc3 e5 5. e4 Be7 6. Be2 O-O 7. O-O Re8 8. d5
c6 9. Be3 a6 10. b4 Qc7 11. Qb3 Qb8 12. Nd2 Nf8 13. c5 N8d7 14. Na4 b5 15. cxb6
cxd5 1/2-1/2

[Event "2.BLN 1617 Turm Kiel - Preetzer TSV"]
[Site "?"]
[Date "2016.11.20"]
[Round "2.2"]
[White "Stopa, Jacek"]
[Black "Jahncke, Giso"]
[Result "1/2-1/2"]
[WhiteElo "2475"]
[BlackElo "2327"]
[PlyCount "88"]
[EventDate "2016.??.??"]

1. d4 Nf6 2. c4 g6 3. f3 d5 4. cxd5 Nxd5 5. e4 Nb6 6. Nc3 Bg7 7. Be3 O-O 8. Qd2
Nc6 9. O-O-O Qd6 10. Nb5 Qd7 11. Bh6 Bxh6 12. Qxh6 a6 13. Nc3 Nxd4 14. f4 c5
15. Nf3 f6 16. h4 e5 17. fxe5 fxe5 18. h5 Qg7 19. hxg6 Qxh6+ 20. Rxh6 Kg7 21.
Rxh7+ Kxg6 22. Rc7 Kf6 23. Rxc5 Bg4 24. Rd2 Bxf3 25. gxf3 Rac8 26. Ra5 Nc6 27.
Ra3 Nd4 28. Bxa6 Ra8 29. Bxb7 Rxa3 30. bxa3 Nc4 31. Rg2 Rh8 32. a4 Rh1+ 33. Nd1
Rxd1+ 34. Kxd1 Ne3+ 35. Kd2 Nxg2 36. a5 Nb5 37. Kd3 Nf4+ 38. Kc4 Nd6+ 39. Kb4
Nd3+ 40. Kc3 Nxb7 41. a6 Ndc5 42. axb7 Nxb7 43. Kc4 Kg5 44. Kd5 Kf4 1/2-1/2

[Event "2.BLN 1617 Turm Kiel - Preetzer TSV"]
[Site "?"]
[Date "2016.11.20"]
[Round "2.3"]
[White "Schwarz, Frank"]
[Black "Hoi, Carsten"]
[Result "0-1"]
[WhiteElo "2259"]
[BlackElo "2383"]
[PlyCount "72"]
[EventDate "2016.??.??"]

1. c4 g6 2. g3 Bg7 3. Bg2 Nf6 4. Nc3 O-O 5. e4 d6 6. Nge2 e5 7. d3 Nc6 8. h3 a6
9. Bg5 h6 10. Be3 Rb8 11. Qd2 Kh7 12. O-O Bd7 13. f4 exf4 14. gxf4 b5 15. Rac1
bxc4 16. dxc4 Nh5 17. b3 Qc8 18. Kh2 g5 19. f5 Be5+ 20. Kh1 Qd8 21. Bf3 Nf4 22.
Nxf4 gxf4 23. Bf2 Rg8 24. Rg1 Rg3 25. Bxg3 fxg3 26. Ne2 Qh4 27. Bg2 Rg8 28.
Rgf1 Rg4 29. Qe3 Nb4 30. Qf3 h5 31. Nc3 Rf4 32. Qe3 c5 33. Nd5 Nxd5 34. cxd5
Bb5 35. Rf3 Rxe4 36. Qg1 Bd4 0-1

[Event "2.BLN 1617 Turm Kiel - Preetzer TSV"]
[Site "?"]
[Date "2016.11.20"]
[Round "2.4"]
[White "Bromann, Thorbjorn"]
[Black "Reinecker, Kai"]
[Result "1-0"]
[WhiteElo "2405"]
[BlackElo "2246"]
[PlyCount "49"]
[EventDate "2016.??.??"]

1. d4 Nf6 2. Nc3 d5 3. Bf4 e6 4. Nb5 Bd6 5. Nxd6+ cxd6 6. c3 O-O 7. Nf3 Nc6 8.
e3 Re8 9. h3 e5 10. Bg5 h6 11. Bh4 g5 12. Bg3 Ne4 13. Bh2 Qa5 14. Be2 Bf5 15.
O-O Rad8 16. Qb3 Re7 17. Rfd1 Kg7 18. Bb5 f6 19. Qxd5 Nxc3 20. bxc3 Be6 21. Qe4
Qxb5 22. d5 f5 23. Qb1 Qxb1 24. Raxb1 e4 25. dxc6 1-0

[Event "2.BLN 1617 Turm Kiel - Preetzer TSV"]
[Site "?"]
[Date "2016.11.20"]
[Round "2.5"]
[White "Plueg, Andreas"]
[Black "Berg, Klaus"]
[Result "1-0"]
[WhiteElo "2274"]
[BlackElo "2358"]
[PlyCount "43"]
[EventDate "2016.??.??"]

1. d4 Nf6 2. c4 g6 3. Nc3 Bg7 4. e4 d6 5. Be2 O-O 6. Be3 c5 7. d5 e6 8. h3 exd5
9. exd5 Bf5 10. Bd3 Bxd3 11. Qxd3 a6 12. Nf3 Nbd7 13. O-O Nh5 14. Ne4 Ne5 15.
Nxe5 Bxe5 16. Rae1 f5 17. Ng5 f4 18. Ne6 Qh4 19. Bxc5 f3 20. Re4 Nf4 21. Qxf3
dxc5 22. Nxf8 1-0

[Event "2.BLN 1617 Turm Kiel - Preetzer TSV"]
[Site "?"]
[Date "2016.11.20"]
[Round "2.6"]
[White "Boe, Mads"]
[Black "Junge, Kai"]
[Result "1-0"]
[WhiteElo "2312"]
[BlackElo "2232"]
[PlyCount "85"]
[EventDate "2016.??.??"]

1. e4 Nf6 2. e5 Nd5 3. d4 d6 4. Nf3 Bg4 5. Be2 e6 6. O-O Nb6 7. c4 d5 8. c5
Bxf3 9. Bxf3 Nc8 10. b4 a6 11. Nc3 Nc6 12. Be2 N8e7 13. b5 axb5 14. Nxb5 Nf5
15. g4 Nh4 16. f4 Be7 17. Be3 h5 18. h3 hxg4 19. hxg4 Kd7 20. Bd3 Kc8 21. a4
Na5 22. Qc2 c6 23. Nd6+ Bxd6 24. cxd6 g6 25. Kf2 Nf5 26. Rh1 Nxe3 27. Kxe3 Kd7
28. g5 Qb6 29. Rab1 Qa7 30. Rh6 Rxh6 31. gxh6 Rh8 32. Rh1 Qb6 33. Qc3 Nc4+ 34.
Bxc4 dxc4 35. Qxc4 Qb2 36. Qd3 Qa2 37. Qb1 Qa3+ 38. Kf2 b5 39. axb5 c5 40. b6
cxd4 41. Qb5+ Kd8 42. Qc6 Qe3+ 43. Kg2 1-0

[Event "2.BLN 1617 Turm Kiel - Preetzer TSV"]
[Site "?"]
[Date "2016.11.20"]
[Round "2.7"]
[White "Hamann, Carsten"]
[Black "Junge, Ralph"]
[Result "1/2-1/2"]
[WhiteElo "2111"]
[BlackElo "2277"]
[PlyCount "152"]
[EventDate "2016.??.??"]

1. e4 e6 2. d4 d5 3. Nc3 Bb4 4. e5 c5 5. Qg4 Ne7 6. dxc5 Nbc6 7. Bd2 O-O 8.
O-O-O f6 9. exf6 Rxf6 10. Bd3 e5 11. Qh5 e4 12. Nxe4 dxe4 13. Bc4+ Be6 14.
Bxe6+ Rxe6 15. Bxb4 Qf8 16. Bc3 Qxf2 17. Nh3 Qf5 18. Qxf5 Nxf5 19. Rd7 Re7 20.
Rxe7 Ncxe7 21. Rd1 Rc8 22. Ng5 e3 23. Rd7 h5 24. Kd1 b6 25. cxb6 axb6 26. g3
Kf8 27. Ne6+ Ke8 28. Rb7 g6 29. Nf4 Rc6 30. Ke2 Kd8 31. Rb8+ Kd7 32. a4 g5 33.
Nd3 Ke6 34. Nb4 Rd6 35. Rf8 Kd7 36. Rf6 Nd4+ 37. Bxd4 Rxd4 38. Nd3 Rxa4 39.
Rxb6 Ra1 40. Rh6 h4 41. gxh4 gxh4 42. Ne5+ Kc7 43. Nc4 Nf5 44. Rh7+ Kc6 45.
Nxe3 Nd4+ 46. Kf2 Ra8 47. Rxh4 Rf8+ 48. Kg2 Nf3 49. Rc4+ Kb5 50. Kg3 Nd2 51.
Rf4 Re8 52. Kf2 Ne4+ 53. Ke2 Nd6 54. h4 Ne4 55. h5 Kc6 56. h6 Ng5 57. Rf6+ Kd7
58. Kd3 Rd8 59. Nd5 Rb8 60. b4 Rh8 61. Rg6 Nf7 62. h7 Ne5+ 63. Kd4 Nxg6 64. c4
Ne7 65. Nf6+ Ke6 66. Ne4 Kf5 67. Nd6+ Ke6 68. Ne4 Kf5 69. Nd6+ Kf6 70. Kc5 Rxh7
71. b5 Rh5+ 72. Kb6 Ke5 73. c5 Kd5 74. Nb7 Rh6+ 75. c6 Nxc6 76. bxc6 Rxc6+
1/2-1/2

[Event "2.BLN 1617 Turm Kiel - Preetzer TSV"]
[Site "?"]
[Date "2016.11.20"]
[Round "2.8"]
[White "Budzyn, Matthias"]
[Black "Schwarzat, Julian"]
[Result "0-1"]
[WhiteElo "2166"]
[BlackElo "2066"]
[PlyCount "128"]
[EventDate "2016.??.??"]

1. e4 e6 2. d4 d5 3. e5 c5 4. c3 Qb6 5. Nf3 Bd7 6. Qb3 Nc6 7. Na3 Rc8 8. Qxb6
axb6 9. Nc2 f6 10. Bd3 Nge7 11. O-O Ng6 12. Re1 c4 13. Bf1 Be7 14. exf6 gxf6
15. b3 cxb3 16. axb3 Kf7 17. c4 Na5 18. Ne3 Nxb3 19. Rb1 dxc4 20. Bxc4 Nxc1 21.
Rxb6 Rxc4 22. Nxc4 Nd3 23. Rd1 Ndf4 24. Rxb7 Bc6 25. Rc7 Bd5 26. Nd6+ Kg7 27.
Nh4 Nxh4 28. Rxe7+ Kg6 29. f3 Nfxg2 30. Kf2 Ra8 31. Re8 Rxe8 32. Nxe8 Bxf3 33.
Rd3 Kf7 34. Nd6+ Ke7 35. Nc4 Bd5 36. Nb6 Be4 37. Ra3 Kf7 38. Nc4 Bd5 39. Nb6
Be4 40. Ra7+ Kg6 41. Nd7 h5 42. Nf8+ Kf5 43. Rh7 Nf4 44. Kg3 Nhg6 45. Nd7 Kg5
46. Nc5 Bd5 47. Kf2 Nh4 48. Ke3 Nf5+ 49. Kf2 Nxd4 50. Nd7 e5 51. h4+ Kg6 52.
Nf8+ Kf5 53. Nd7 Bc6 54. Nc5 Nde6 55. Nb3 Kg4 56. Rh6 f5 57. Rf6 Bd5 58. Nd2
Nd4 59. Nf1 Nh3+ 60. Ke1 f4 61. Rg6+ Kxh4 62. Rg7 Ng5 63. Nh2 Ndf3+ 64. Nxf3+
Bxf3 0-1

[Event "2.BLN 1617 Hamburger SK - SV Werder Bre"]
[Site "?"]
[Date "2016.11.20"]
[Round "2.1"]
[White "Fish, Gennadij"]
[Black "Bracker, Frank"]
[Result "1-0"]
[WhiteElo "2460"]
[BlackElo "2426"]
[PlyCount "87"]
[EventDate "2016.??.??"]

1. d4 Nf6 2. c4 e6 3. Nc3 Bb4 4. e3 O-O 5. Bd3 c5 6. Nge2 d5 7. O-O Nc6 8. a3
cxd4 9. axb4 dxc3 10. bxc3 dxc4 11. Bxc4 Qc7 12. Bb3 e5 13. Qc2 Re8 14. Bd2 e4
15. c4 Ng4 16. Ng3 h5 17. h3 h4 18. hxg4 hxg3 19. c5 Bxg4 20. fxg3 Be6 21. Bxe6
Rxe6 22. b5 Ne7 23. Rf4 Nd5 24. Rg4 Nf6 25. Rg5 a6 26. Bc3 Rae8 27. Qb2 Kh7 28.
Rf1 Qe7 29. b6 Rc8 30. Bd4 Ne8 31. Rgf5 f6 32. g4 g6 33. R5f4 Rxc5 34. Bxc5
Qxc5 35. Qb3 Qxb6 36. Qxb6 Rxb6 37. Rxe4 Ng7 38. Re7 g5 39. Rd1 Kg6 40. Rdd7
Ne6 41. Rxb7 Rc6 42. e4 Nf8 43. Rg7+ Kh6 44. Rbf7 1-0

[Event "2.BLN 1617 Hamburger SK - SV Werder Bre"]
[Site "?"]
[Date "2016.11.20"]
[Round "2.2"]
[White "Colpe, Malte"]
[Black "Koop, Thorben"]
[Result "1-0"]
[WhiteElo "2397"]
[BlackElo "2430"]
[PlyCount "93"]
[EventDate "2016.??.??"]

1. d4 Nf6 2. c4 g6 3. Nc3 d5 4. Bg5 Ne4 5. Bh4 Nxc3 6. bxc3 dxc4 7. e3 Be6 8.
Be2 Bg7 9. Nh3 Nd7 10. Nf4 Bf5 11. Bxc4 Nb6 12. Be2 O-O 13. O-O Bd7 14. Bf3 Rb8
15. Qb3 Bh6 16. Nd3 Be6 17. Qb4 Re8 18. Nc5 Bd5 19. e4 Bc6 20. d5 Bd7 21. e5
Bf5 22. g4 Bc2 23. Qd4 Nd7 24. a4 Nxc5 25. Qxc5 Qd7 26. Ra2 Bxa4 27. Rb1 b5 28.
Qxa7 Qc8 29. Qc5 e6 30. c4 Bf8 31. Qd4 Qd7 32. Rab2 Ba3 33. Ra2 Bf8 34. Qa1 Bg7
35. Bg3 exd5 36. cxd5 Rbd8 37. Qc3 Qe7 38. Re2 Rd7 39. Qc6 Qd8 40. Bh4 Qc8 41.
Rbe1 h6 42. e6 fxe6 43. Rxe6 Rf8 44. Bg3 Qd8 45. Be4 Bb3 46. Rxg6 Bxd5 47.
Rxg7+ 1-0

[Event "2.BLN 1617 Hamburger SK - SV Werder Bre"]
[Site "?"]
[Date "2016.11.20"]
[Round "2.3"]
[White "Meins, Gerlef"]
[Black "Engel, Luis"]
[Result "1/2-1/2"]
[WhiteElo "2414"]
[BlackElo "2363"]
[PlyCount "85"]
[EventDate "2016.??.??"]

1. Nf3 Nf6 2. c4 c6 3. Nc3 d5 4. e3 a6 5. d4 b5 6. c5 Nbd7 7. b4 a5 8. Ba3 g6
9. Qb3 Bg7 10. bxa5 Qxa5 11. Bb4 Qc7 12. a4 O-O 13. Be2 e5 14. O-O exd4 15.
exd4 bxa4 16. Rxa4 Rxa4 17. Qxa4 Ne4 18. Qa3 Ndf6 19. Ne5 Bb7 20. f3 Ra8 21.
Qc1 Nxc3 22. Qxc3 Ra2 23. Re1 Ba6 24. Bxa6 Rxa6 25. Ra1 Rxa1+ 26. Qxa1 Nd7 27.
Nxd7 Qxd7 28. Qa8+ Bf8 29. Bd2 Qe6 30. Kf1 Kg7 31. Bh6+ Kxh6 32. Qxf8+ Kg5 33.
Kf2 h5 34. Qd8+ Kh6 35. Qh8+ Kg5 36. Qd8+ Kh6 37. h4 Kg7 38. Qg5 Qf6 39. Qxf6+
Kxf6 40. g4 Ke6 41. Kg3 f5 42. gxh5 gxh5 43. Kf4 1/2-1/2

[Event "2.BLN 1617 Hamburger SK - SV Werder Bre"]
[Site "?"]
[Date "2016.11.20"]
[Round "2.5"]
[White "Richter, Christian"]
[Black "Baciu, Diana"]
[Result "1-0"]
[WhiteElo "2368"]
[BlackElo "2293"]
[PlyCount "227"]
[EventDate "2016.??.??"]

1. d4 d5 2. c4 e6 3. Nf3 Nf6 4. Nc3 Bb4 5. Qa4+ Nc6 6. Bg5 h6 7. Bxf6 Qxf6 8.
a3 Bxc3+ 9. bxc3 O-O 10. e3 Qg6 11. Be2 Bd7 12. cxd5 exd5 13. O-O Qd6 14. Qc2
a5 15. c4 dxc4 16. Bxc4 a4 17. Rfc1 Ra5 18. Be2 Ra7 19. Nd2 b6 20. Nc4 Qf6 21.
Bf3 Ne7 22. Ne5 Be6 23. Qb2 Rd8 24. Nc6 Nxc6 25. Rxc6 Qe7 26. Rac1 Bb3 27. h3
b5 28. R6c5 Rb8 29. Qc3 Bc4 30. Qb4 Qd8 31. Bc6 Qf8 32. Rb1 Bb3 33. Rbc1 Bc4
34. Rc3 Rb6 35. Be4 Qd6 36. Rc1 g6 37. Qc3 Qf6 38. Rb1 Kg7 39. Qb4 Qe6 40. Bf3
Qf6 41. Qc3 Qd8 42. Bc6 Qf6 43. Bxb5 Bxb5 44. Rcxb5 Rab7 45. Rxb6 Rxb6 46. Rxb6
Qxb6 47. d5+ Kg8 48. Qc4 Qb3 49. Qc5 Qa2 50. Kf1 Qd2 51. g3 h5 52. Qc4 Qd1+ 53.
Kg2 Qb3 54. Qc5 Qd3 55. Kg1 Qd1+ 56. Kh2 Qf3 57. Kg1 Qd1+ 58. Kg2 Qd3 59. Qxc7
Qxd5+ 60. Kg1 Qd1+ 61. Kh2 Qb3 62. Qc5 Qb7 63. Qd4 Qb3 64. Qd8+ Kg7 65. Qe7 Qd5
66. e4 Qd4 67. Kg2 Qc3 68. Qd6 Qb3 69. Qd4+ Kg8 70. Qc5 Qa2 71. Kf3 Qe6 72. h4
Qb3+ 73. Kf4 Qe6 74. Ke3 Qb3+ 75. Kd2 Qb2+ 76. Kd3 Qb3+ 77. Qc3 Qb5+ 78. Kd2
Qb1 79. Qc8+ Kh7 80. Qc2 Qb5 81. Ke3 Qb6+ 82. Ke2 Qd4 83. Qd3 Qb2+ 84. Kf1 Qb3
85. Ke2 Qb2+ 86. Kf3 Qb3 87. Qe3 Qd1+ 88. Kg2 Kg8 89. Qc5 Qb3 90. Qd6 Kg7 91.
e5 Qb7+ 92. Kh2 Qf3 93. Kg1 Qb3 94. Qc5 Qb1+ 95. Kg2 Qe4+ 96. Kf1 Qb1+ 97. Ke2
Kg8 98. Ke3 Qb3+ 99. Ke4 Qb1+ 100. Kd5 Qb7+ 101. Kd6 Kg7 102. Qd4 Kg8 103. Qxa4
Qb6+ 104. Kd7 Qe6+ 105. Kd8 Qb6+ 106. Kc8 Qxf2 107. Qe8+ Kg7 108. Qe7 Qc2+ 109.
Kd8 Qd3+ 110. Qd6 Qb5 111. Kc7 Qc4+ 112. Qc6 Qd3 113. Qf6+ Kh6 114. Qh8# 1-0

[Event "2.BLN 1617 Hamburger SK - SV Werder Bre"]
[Site "?"]
[Date "2016.11.20"]
[Round "2.6"]
[White "Meissner, Felix"]
[Black "Grigorian, Spartak"]
[Result "1/2-1/2"]
[WhiteElo "2247"]
[BlackElo "2280"]
[PlyCount "44"]
[EventDate "2016.??.??"]

1. e4 c5 2. Nf3 d6 3. Bb5+ Bd7 4. Bxd7+ Qxd7 5. O-O Nf6 6. Qe2 Nc6 7. Rd1 g5 8.
c3 g4 9. Nh4 Rg8 10. d4 cxd4 11. cxd4 d5 12. Nc3 O-O-O 13. e5 Ne8 14. Qc2 Rh8
15. Na4 e6 16. Bg5 f6 17. exf6 Rg8 18. Bf4 Nxf6 19. Nc5 Bxc5 20. Qxc5 Ne4 21.
Qa3 Rdf8 22. Qe3 Qe7 1/2-1/2

[Event "2.BLN 1617 Hamburger SK - SV Werder Bre"]
[Site "?"]
[Date "2016.11.20"]
[Round "2.7"]
[White "Charmeteau, Sven"]
[Black "Gruenter, Martin"]
[Result "1-0"]
[WhiteElo "2305"]
[BlackElo "2212"]
[PlyCount "53"]
[EventDate "2016.??.??"]

1. e4 c5 2. Nf3 d6 3. d4 cxd4 4. Nxd4 Nf6 5. Nc3 a6 6. Bg5 e6 7. Qe2 Nbd7 8. f4
Qc7 9. O-O-O b5 10. Nd5 exd5 11. exd5+ Be7 12. Re1 Nf8 13. Bxf6 gxf6 14. h4 h5
15. f5 Bb7 16. Rh3 Bxd5 17. Re3 O-O-O 18. Rxe7 Qb6 19. Qd2 Nd7 20. Nxb5 Bxa2
21. Nc3 Qa5 22. Qxd6 Nc5 23. Qc6+ Kb8 24. Nxa2 Nb3+ 25. Kb1 Nd2+ 26. Ka1 Nb3+
27. cxb3 1-0